Netradiční benefity

Ako poznáte, že váš benefitný systém je efektívny a má na vašich zamestnancov motivujúci vplyv. Príklady netradičných firemných benefitov vo svete.

Saved in:
Bibliographic Details
Main Author: Pořízková, Magdaléna
Format: Book Chapter
Language:Czech
Subjects:
Tags: Add Tag
No Tags, Be the first to tag this record!

MARC

LEADER 00000naa a2200000 4500
001 0165073
005 20231019115821.5
041 0 |a cze 
044 |a CZ 
245 1 0 |a Netradiční benefity  |c Magdaléna Pořízková 
520 |a Ako poznáte, že váš benefitný systém je efektívny a má na vašich zamestnancov motivujúci vplyv. Príklady netradičných firemných benefitov vo svete. 
610 2 0 |a firmy 
610 2 0 |a benefity 
100 1 |a Pořízková, Magdaléna